000 02610nam a2200409 i 4500
003 DO-SdBNP
005 20250610105226.0
007 ta
008 250528b2024 pr ||||| |||| 00| 0 spa d
020 _a9789945637601
040 _aDO-SdBNP
_bspa
_cBNPHU
_erda
041 _aspa
082 4 _a972.81
_bR696t
_222
100 1 _aRodríguez Fernández, Velia
_eautora
_4aut.
_987329
245 0 _aRigoberta Menchú :
_btestimonio y cuestionamiento de la voz subalterna /
_cVelia Rodríguez Fernández ; prólogo, José Calderón.
264 4 _aSan Juan, Puerto Rico :
_bEditorial Isla Negra,
_c©2024.
300 _a165 páginas ;
_c23 cm.
336 _atexto
_btxt
_2rdacontent
337 _asin mediación
_bn
_2rdamedia
338 _avolumen
_bnc
_2rdacarrier
490 _aColección visiones y cegueras
500 _aIncluye datos biográficos de la autora en la solapa de la portada.
504 _aBibliografía: páginas 161-165.
505 _aTestimonio: definiciones y retos -- Subalternidad y las voces de la historia -- Testimonio y la posibilidad del habla subalterna -- Me llamo Rigoberta Menchú y así me nació la conciencia: narrativa canónica del género testimonial -- El orden del discurso y otras estrategias -- La marca de la colonia --Rigoberta Menchú y la historia de todos los pobres de Guatemala -- La lucha por el derecho a hablar -- Reflexiones finales.
520 _aEn este libro, Velia Rodríguez reconstruye el itinerario histórico de uno de los libros más emblemáticos y controversiales de la literatura testimonial en América Latina. La autora repara en la complejidad que supone entrecruzar la etnografía con el periodismo cuando Elizabeth Burgos-Debray interpela –o interpreta– a Rigoberta Menchú, y cuestiona los modos en que se publica el producto final, a medio camino entre la historia personal y la ficción. Un viaje delirante a las entrañas de la memoria, la ambición y la ambigüedad. –Pedro Reina Pérez
590 _aInventariado, 2025/ YL
600 4 _aMenchú, Rigoberta,
_d1959-
_941837
_xCritica e interpretación
650 4 _aIndígenas quiché
_988029
_yGuatemala
650 0 _aMujeres
_913968
_xIndígenas
_zGuatemala
650 0 _aMujeres revolucionarias
_988031
_xBiografías
_zGuatemala
650 4 _aLiteratura de reportaje guatemalteca
_988028
_xCrítica e interpretaciones
651 4 _aGuatemala
_xIndígenas
_xBiografía
_963185
651 4 _aGuatemala
_xVida social y costumbres
_988030
700 1 _aCalderón, José,
_eprologuista
_4prol.
_938262
910 _aYLockward. Validado. Control de Calidad/MAA
942 _2ddc
_cLBS1
999 _c58604
_d58604